Kentucky By Picture - Statistics

General Stats
  • This quiz has been taken 66 times
  • The average score is 6 of 10
Answer Stats
Picture Answer % Correct
Louisville
97%
Abraham Lincoln
86%
Louisville Slugger Factory
76%
Kentucky Derby
74%
Lexington
74%
Frankfort
71%
Cumberland Falls
53%
Cumberland Gap
28%
Ashland
22%
Mammoth Caves
22%
No matching quizzes found
Score Distribution
Percent of People with Each Score
Percentile by Number Answered
Your Score History
You have not taken this quiz